| 000 | 00978cam a2200253 i 4500 | ||
|---|---|---|---|
| 001 | 17871588 | ||
| 005 | 20180109034847.0 | ||
| 008 | 130830s2015 nyua 001 0 eng | ||
| 010 | _a 2013035627 | ||
| 020 | _a9780073403724 (hbk. : alk. paper) | ||
| 020 | _a0073403725 (hbk. : alk. paper) | ||
| 040 |
_aDLC _beng _cDLC _erda _dDLC |
||
| 041 | _aeng | ||
| 042 | _apcc | ||
| 080 | _a612 | ||
| 082 | 0 | 0 |
_a612 SHI _223 |
| 100 | 1 | _a6 | |
| 101 | _aANA | ||
| 245 | 1 | 0 |
_aHole's essentials of human anatomy & physiology / _cDavid Shier, Washtenaw Community College ; Jackie Butler, Grayson College, Ricki Lewis, Albany Medical College. |
| 246 | 3 | _aHole's essentials of human anatomy and physiology | |
| 906 |
_a7 _bcbc _corignew _d1 _eecip _f20 _gy-gencatlg |
||
| 942 |
_2ddc _cBK |
||
| 999 |
_c39838 _d39838 |
||